<?xml version="1.0" encoding="UTF-8"?>
<record
    xmlns:xsi="http://www.w3.org/2001/XMLSchema-instance"
    xsi:schemaLocation="http://www.loc.gov/MARC21/slim http://www.loc.gov/standards/marcxml/schema/MARC21slim.xsd"
    xmlns="http://www.loc.gov/MARC21/slim">

  <leader>01931nam0a2200385   4500</leader>
  <controlfield tag="001">RU\NLR\bibl\802451</controlfield>
  <controlfield tag="005">20250614130022.0</controlfield>
  <datafield tag="010" ind1=" " ind2=" ">
    <subfield code="a">5-98797-001-6</subfield>
    <subfield code="b">&#x432; &#x43F;&#x435;&#x440;.</subfield>
    <subfield code="9">5000</subfield>
  </datafield>
  <datafield tag="021" ind1=" " ind2=" ">
    <subfield code="a">RU</subfield>
    <subfield code="b">2005-3046</subfield>
    <subfield code="9">150</subfield>
  </datafield>
  <datafield tag="035" ind1=" " ind2=" ">
    <subfield code="a">RSL-KNO-002566132</subfield>
  </datafield>
  <datafield tag="035" ind1=" " ind2=" ">
    <subfield code="a">(NLR Aleph) 000791616</subfield>
  </datafield>
  <datafield tag="090" ind1=" " ind2=" ">
    <subfield code="a">1125316</subfield>
    <subfield code="c">1125316</subfield>
  </datafield>
  <datafield tag="100" ind1=" " ind2=" ">
    <subfield code="a">20050207d2004    |||y0rusy50      ca</subfield>
  </datafield>
  <datafield tag="101" ind1="0" ind2=" ">
    <subfield code="a">rus</subfield>
  </datafield>
  <datafield tag="102" ind1=" " ind2=" ">
    <subfield code="a">RU</subfield>
  </datafield>
  <datafield tag="105" ind1=" " ind2=" ">
    <subfield code="a">abc |||||||||</subfield>
  </datafield>
  <datafield tag="106" ind1=" " ind2=" ">
    <subfield code="a">r</subfield>
  </datafield>
  <datafield tag="200" ind1="1" ind2=" ">
    <subfield code="a">&#x421;&#x435;&#x432;&#x435;&#x440;&#x43D;&#x430;&#x44F; &#x44D;&#x43D;&#x446;&#x438;&#x43A;&#x43B;&#x43E;&#x43F;&#x435;&#x434;&#x438;&#x44F;</subfield>
    <subfield code="d">Northern practical dictionary</subfield>
    <subfield code="f">[&#x441;&#x43E;&#x441;&#x442;.: &#x415;.&#x420;. &#x410;&#x43A;&#x431;&#x430;&#x43B;&#x44C;&#x44F;&#x43D;</subfield>
    <subfield code="g">&#x440;&#x435;&#x434;.: &#x415;.&#x413;. &#x410;&#x431;&#x440;&#x430;&#x43C;&#x43E;&#x432;&#x438;&#x447; &#x438; &#x434;&#x440;.]</subfield>
    <subfield code="z">eng</subfield>
  </datafield>
  <datafield tag="210" ind1=" " ind2=" ">
    <subfield code="a">&#x41C;&#x43E;&#x441;&#x43A;&#x432;&#x430;</subfield>
    <subfield code="c">&#x415;&#x432;&#x440;&#x43E;&#x43F;&#x435;&#x439;&#x441;&#x43A;&#x438;&#x435; &#x438;&#x437;&#x434;&#x430;&#x43D;&#x438;&#x44F; &amp; &#x421;&#x435;&#x432;&#x435;&#x440;&#x43D;&#x44B;&#x435; &#x43F;&#x440;&#x43E;&#x441;&#x442;&#x43E;&#x440;&#x44B;</subfield>
    <subfield code="d">2004</subfield>
    <subfield code="g">&#x41E;&#x410;&#x41E; &#x42F;&#x440;&#x43E;&#x441;&#x43B;. &#x43F;&#x43E;&#x43B;&#x438;&#x433;&#x440;. &#x43A;&#x43E;&#x43C;&#x431;.</subfield>
  </datafield>
  <datafield tag="215" ind1=" " ind2=" ">
    <subfield code="a">1196, [1] &#x441;., [40] &#x43B;. &#x446;&#x432;. &#x438;&#x43B;., &#x43A;&#x430;&#x440;&#x442;.</subfield>
    <subfield code="c">&#x438;&#x43B;., &#x43F;&#x43E;&#x440;&#x442;&#x440;.</subfield>
    <subfield code="d">27</subfield>
    <subfield code="e">&#x421;D-ROM</subfield>
  </datafield>
  <datafield tag="300" ind1=" " ind2=" ">
    <subfield code="a">&#x41C;&#x435;&#x436;&#x434;&#x443;&#x43D;&#x430;&#x440;. &#x434;&#x435;&#x441;&#x44F;&#x442;&#x438;&#x43B;&#x435;&#x442;&#x438;&#x44E; &#x43A;&#x43E;&#x440;. &#x43D;&#x430;&#x440;&#x43E;&#x434;&#x43E;&#x432; &#x43C;&#x438;&#x440;&#x430; &#x43F;&#x43E;&#x441;&#x432;&#x44F;&#x449;&#x430;&#x435;&#x442;&#x441;&#x44F;</subfield>
  </datafield>
  <datafield tag="510" ind1="0" ind2=" ">
    <subfield code="a">Northern practical dictionary</subfield>
    <subfield code="z">eng</subfield>
  </datafield>
  <datafield tag="607" ind1=" " ind2=" ">
    <subfield code="a">&#x420;&#x43E;&#x441;&#x441;&#x438;&#x44F;</subfield>
    <subfield code="j">&#x42D;&#x43D;&#x446;&#x438;&#x43A;&#x43B;&#x43E;&#x43F;&#x435;&#x434;&#x438;&#x438;</subfield>
    <subfield code="x">&#x418;&#x441;&#x442;&#x43E;&#x440;&#x438;&#x44F;</subfield>
    <subfield code="y">&#x421;&#x435;&#x432;&#x435;&#x440;</subfield>
    <subfield code="9">2094667</subfield>
    <subfield code="3">RU\NLR\auth\661267486</subfield>
  </datafield>
  <datafield tag="610" ind1="0" ind2=" ">
    <subfield code="a">&#x41D;&#x430;&#x443;&#x43A;&#x438; &#x43E; &#x417;&#x435;&#x43C;&#x43B;&#x435; (&#x433;&#x435;&#x43E;&#x434;&#x435;&#x437;&#x438;&#x447;&#x435;&#x441;&#x43A;&#x438;&#x435;, &#x433;&#x435;&#x43E;&#x444;&#x438;&#x437;&#x438;&#x447;&#x435;&#x441;&#x43A;&#x438;&#x435;, &#x433;&#x435;&#x43E;&#x43B;&#x43E;&#x433;&#x438;&#x447;&#x435;&#x441;&#x43A;&#x438;&#x435; &#x438; &#x433;&#x435;&#x43E;&#x433;&#x440;&#x430;&#x444;&#x438;&#x447;&#x435;&#x441;&#x43A;&#x438;&#x435; &#x43D;&#x430;&#x443;&#x43A;&#x438;) -- &#x420;&#x435;&#x433;&#x438;&#x43E;&#x43D;&#x430;&#x43B;&#x44C;&#x43D;&#x44B;&#x439; &#x440;&#x430;&#x437;&#x434;&#x435;&#x43B; &#x43D;&#x430;&#x443;&#x43A; &#x43E; &#x417;&#x435;&#x43C;&#x43B;&#x435; -- &#x420;&#x43E;&#x441;&#x441;&#x438;&#x439;&#x441;&#x43A;&#x430;&#x44F; &#x424;&#x435;&#x434;&#x435;&#x440;&#x430;&#x446;&#x438;&#x44F; -- &#x421;&#x435;&#x432;&#x435;&#x440; &#x420;&#x424; -- &#x41A;&#x440;&#x430;&#x435;&#x432;&#x435;&#x434;&#x447;&#x435;&#x441;&#x43A;&#x430;&#x44F; &#x445;&#x430;&#x440;&#x430;&#x43A;&#x442;&#x435;&#x440;&#x438;&#x441;&#x442;&#x438;&#x43A;&#x430; -- &#x42D;&#x43D;&#x446;&#x438;&#x43A;&#x43B;&#x43E;&#x43F;&#x435;&#x434;&#x438;&#x44F;</subfield>
  </datafield>
  <datafield tag="686" ind1=" " ind2=" ">
    <subfield code="a">&#x414;9(2&#x420;1)0&#x44F;20</subfield>
    <subfield code="2">rubbk</subfield>
  </datafield>
  <datafield tag="686" ind1=" " ind2=" ">
    <subfield code="a">&#x422;3(2&#x420;1)&#x44F;20</subfield>
  </datafield>
  <datafield tag="702" ind1=" " ind2="1">
    <subfield code="a">&#x410;&#x43A;&#x431;&#x430;&#x43B;&#x44C;&#x44F;&#x43D;</subfield>
    <subfield code="b">&#x415;. &#x420;.</subfield>
    <subfield code="4">220</subfield>
  </datafield>
  <datafield tag="702" ind1=" " ind2="1">
    <subfield code="a">&#x410;&#x431;&#x440;&#x430;&#x43C;&#x43E;&#x432;&#x438;&#x447;</subfield>
    <subfield code="b">&#x415;. &#x413;.</subfield>
    <subfield code="4">340</subfield>
  </datafield>
  <datafield tag="801" ind1=" " ind2="0">
    <subfield code="a">RU</subfield>
    <subfield code="b">RuMoRKP</subfield>
    <subfield code="c">20050207</subfield>
    <subfield code="g">rcr</subfield>
  </datafield>
  <datafield tag="801" ind1=" " ind2="1">
    <subfield code="a">RU</subfield>
    <subfield code="b">RuMoRGB</subfield>
    <subfield code="c">20050207</subfield>
  </datafield>
  <datafield tag="801" ind1=" " ind2="2">
    <subfield code="a">RU</subfield>
    <subfield code="b">NLR</subfield>
    <subfield code="c">20050523</subfield>
    <subfield code="g">PSBO</subfield>
  </datafield>
  <datafield tag="830" ind1=" " ind2=" ">
    <subfield code="a">&#x441;&#x43E;&#x441;&#x442;. &#x438; &#x440;&#x435;&#x434;. &#x43D;&#x435; &#x440;&#x430;&#x441;&#x43A;&#x440;.- &#x432; &#x413;&#x410;&#x41A; &#x420;&#x41D;&#x411; &#x43D;&#x435;&#x442;</subfield>
  </datafield>
  <datafield tag="942" ind1=" " ind2=" ">
    <subfield code="c">BOOK</subfield>
  </datafield>
  <datafield tag="980" ind1=" " ind2=" ">
    <subfield code="a">NB</subfield>
  </datafield>
  <datafield tag="995" ind1=" " ind2=" ">
    <subfield code="5">2005-05-23</subfield>
    <subfield code="a">ad</subfield>
    <subfield code="b">NLR01</subfield>
    <subfield code="c">NLR01</subfield>
    <subfield code="e">CSB</subfield>
    <subfield code="f">1-741425</subfield>
    <subfield code="k">&#x421; 2005-4/53</subfield>
    <subfield code="o">0</subfield>
    <subfield code="r">BOOK</subfield>
    <subfield code="s">_2005453</subfield>
  </datafield>
  <datafield tag="995" ind1=" " ind2=" ">
    <subfield code="5">2005-05-23</subfield>
    <subfield code="a">ad</subfield>
    <subfield code="b">NLR01</subfield>
    <subfield code="c">NLR01</subfield>
    <subfield code="e">CSB</subfield>
    <subfield code="f">1-741421</subfield>
    <subfield code="k">&#x421; 2005-4/53</subfield>
    <subfield code="o">0</subfield>
    <subfield code="r">BOOK</subfield>
    <subfield code="s">_2005453</subfield>
  </datafield>
  <datafield tag="995" ind1=" " ind2=" ">
    <subfield code="5">2005-11-16</subfield>
    <subfield code="a">aa</subfield>
    <subfield code="b">NLR02</subfield>
    <subfield code="c">NLR02</subfield>
    <subfield code="e">NZ1</subfield>
    <subfield code="f">1-100728</subfield>
    <subfield code="k">&#x421;2  &#x422;3(2)/&#x421;-280</subfield>
    <subfield code="o">0</subfield>
    <subfield code="p">4400.00</subfield>
    <subfield code="r">BOOK</subfield>
    <subfield code="s">2_32280</subfield>
  </datafield>
  <datafield tag="995" ind1=" " ind2=" ">
    <subfield code="5">2005-11-16</subfield>
    <subfield code="a">aa</subfield>
    <subfield code="b">NLR01</subfield>
    <subfield code="c">NLR01</subfield>
    <subfield code="e">OZ1</subfield>
    <subfield code="f">1-238913</subfield>
    <subfield code="k">&#x421;1 &#x422;3(2&#x420;)/&#x421;-280</subfield>
    <subfield code="o">0</subfield>
    <subfield code="p">4400.00</subfield>
    <subfield code="r">BOOK</subfield>
    <subfield code="s">1_32280</subfield>
  </datafield>
  <datafield tag="995" ind1=" " ind2=" ">
    <subfield code="5">2005-11-16</subfield>
    <subfield code="a">aa</subfield>
    <subfield code="b">NLR02</subfield>
    <subfield code="c">NLR02</subfield>
    <subfield code="e">OBIK</subfield>
    <subfield code="f">2051232</subfield>
    <subfield code="o">0</subfield>
    <subfield code="p">4400.00</subfield>
    <subfield code="r">BOOK</subfield>
  </datafield>
  <datafield tag="995" ind1=" " ind2=" ">
    <subfield code="5">2006-02-11</subfield>
    <subfield code="a">aa</subfield>
    <subfield code="b">NLR03</subfield>
    <subfield code="c">NLR03</subfield>
    <subfield code="e">UJZ</subfield>
    <subfield code="f">1-542539</subfield>
    <subfield code="k">&#x42E; &#x42F;2(&#x42F;)/&#x421;-28</subfield>
    <subfield code="o">0</subfield>
    <subfield code="p">4400.00</subfield>
    <subfield code="r">BOOK</subfield>
    <subfield code="s">_228</subfield>
  </datafield>
</record>
